[Event "Wch Blitz (Women)"]
[Site "Almaty"]
[Date "2022.12.29"]
[Round "1"]
[White "Zatonskih, Anna"]
[Black "Nurgali, Nazerke"]
[Result "1-0"]
[WhiteElo "2362"]
[BlackElo "2067"]
[PlyCount "163"]
[EventDate "2022.12.29"]
[EventType "swiss (blitz)"]
[EventRounds "17"]
[EventCountry "KAZ"]
[SourceTitle "CBM 211 Extra"]
[Source "ChessBase"]
[SourceDate "2023.01.31"]
[SourceVersion "1"]
[SourceVersionDate "2023.01.31"]
[SourceQuality "1"]

1. d4 d5 2. c4 e6 3. Nc3 Be7 4. cxd5 exd5 5. Bf4 Nf6 6. e3 Bf5 7. Qb3 Nc6 8. g4 Nxg4 9. Qxd5 Qc8 10. a3 0-0 11. Qf3 Nf6 12. Nge2 Na5 13. e4 Bg4 14. Qg2 Nh5 15. Rg1 Nb3 16. Rd1 f5 17. exf5 Qxf5 18. Qxg4 Qxg4 19. Rxg4 Rae8 20. Be3 Bd6 21. Bg2 Nf6 22. Rh4 c6 23. Kf1 Na5 24. Ng3 Nc4 25. Bc1 Be7 26. Rf4 Bd6 27. Rf3 Re7 28. Nge4 Nxe4 29. Rxf8+ Kxf8 30. Nxe4 Bxh2 31. d5 cxd5 32. Rxd5 Rf7 33. Rd8+ Ke7 34. Bg5+ Ke6 35. Ke2 h6 36. Bc1 Bc7 37. Rd4 Ne5 38. Bh3+ Ke7 39. Bd2 Bb6 40. Bb4+ Ke8 41. Rd5 Nc6 42. Bc3 Ne7 43. Rd1 Rf4 44. f3 Rh4 45. Be6 Nc6 46. Bd7+ Ke7 47. Bxc6 bxc6 48. Bxg7 Rh2+ 49. Kd3 h5 50. Bc3 h4 51. Ng5 h3 52. Ke4 Re2+ 53. Kf4 h2 54. Rh1 Bg1 55. Kg4 Rg2+ 56. Kf5 c5 57. f4 Bf2 58. Nf3 Bg3 59. Ke4 Rf2 60. Be5 Re2+ 61. Kd5 Rf2 62. Nxh2 Bxh2 63. Kxc5 Bxf4 64. Bxf4 Rxf4 65. Rh7+ Ke6 66. Rxa7 Rf5+ 67. Kc4 Kd6 68. Kb3 Kc6 69. Rh7 Kb6 70. Ka2 Rf3 71. Rh4 Re3 72. a4 Rf3 73. b3 Ka6 74. Ka3 Kb6 75. Rh5 Rf4 76. Rh3 Rg4 77. b4 Rg1 78. Rh6+ Kb7 79. a5 Ra1+ 80. Kb3 Rb1+ 81. Ka4 Rg1 82. Rh7+ 1-0

[Event "Wch Rapid (Women)"]
[Site "Almaty"]
[Date "2022.12.27"]
[Round "7"]
[White "Lagno, Kateryna"]
[Black "Zatonskih, Anna"]
[Result "1-0"]
[WhiteElo "2531"]
[BlackElo "2268"]
[PlyCount "57"]
[EventDate "2022.12.26"]
[EventType "swiss (rapid)"]
[EventRounds "11"]
[EventCountry "KAZ"]
[SourceTitle "CBM 211 Extra"]
[Source "ChessBase"]
[SourceDate "2023.01.31"]
[SourceVersion "1"]
[SourceVersionDate "2023.01.31"]
[SourceQuality "1"]

1. e4 e6 2. d4 d5 3. e5 c5 4. c3 Ne7 5. Na3 Nec6 6. Nc2 b6 7. h4 Ba6 8. Bxa6 Nxa6 9. h5 h6 10. Nf3 Qd7 11. Qe2 Nc7 12. Rh4 cxd4 13. cxd4 Nb4 14. Nxb4 Bxb4+ 15. Kf1 0-0-0 16. a3 Be7 17. Rf4 Rhf8 18. Rg4 Rg8 19. a4 Bb4 20. Bd2 Bxd2 21. Qxd2 Kb7 22. a5 Rc8 23. axb6 axb6 24. Kg1 Nb5 25. Qf4 Rc4 26. Qg3 Rgc8 27. Rxg7 Nxd4 28. Nxd4 Rxd4 29. Qa3 1-0